| 000 | 01534nam a2200265 i 4500 | ||
|---|---|---|---|
| 001 | 165512 | ||
| 003 | ES-MaACL | ||
| 005 | 20250928125449.0 | ||
| 008 | 931025s1900 sp |||| | spa d | ||
| 100 | 2 |
_aSolano y Galvez de San Pelayo, Mariano Carlos, _cMarqués de Monsalud _9132796 |
|
| 245 | 1 | 0 |
_aArqueología romana y visigótica de Extremadura : _bdiscursos leídos ante la Real Academia de la Historia en la recepción pública del Excmo. Señor D. Mariano Carlos Solano Gálvez de San Pelayo y Villalpando, marqués de Monsalud, el día 3 de junio de 1900. |
| 260 |
_aMadrid : _b[Real Academia de la Historia], _c1900 ( _fEst. Tip. de Fortanel) |
||
| 300 |
_a85 p. : _bil. ; _c28 cm. |
||
| 505 | 8 | _aContiene: Apuntes biográficos del Excmo. Sr. D. Vicente Barrantes y Moreno / [Mariano Carlos Solano Gálvez de San Pelayo] | |
| 530 | _aDisponible en formato digital. | ||
| 594 | _aRecoge el discurso de Mariano Carlos Solano, y el de contestación del R.P. Fidel Fita y Colomer. | ||
| 600 | 1 | 4 |
_aBarrantes, Vicente, _d1829-1898 _925851 |
| 651 | 4 |
_aExtremadura- _xRestos arqueológicos. _9157492 |
|
| 700 | 1 |
_aFita, Fidel, _d1835-1917 _951052 |
|
| 710 | 2 |
_aReal Academia de la Historia (España) _96309 |
|
| 752 |
_aEspaña - _dMadrid |
||
| 852 | 4 |
_aES-MaACL _jF-M-III-G-H (XII) _z- Enc. hol., conservando cub. original _z- Enc. en un vol. facticio _z- Donativo de la Academia |
|
| 856 | 4 |
_uhttp://bdh-rd.bne.es/viewer.vm?id=0000253417&page=1 _zBiblioteca Digital Hispánica |
|
| 999 |
_c165512 _d165512 |
||